| 000 | 00620nam a2200217Ia 4500 | ||
|---|---|---|---|
| 999 |
_c45318 _d45318 |
||
| 001 | 12142 | ||
| 003 | GE_BSU | ||
| 005 | 20221118151317.0 | ||
| 008 | 181216s2013en xx |||||||||||||| ||eng|| | ||
| 020 | _a9780230362239x | ||
| 040 | _cGE_BSU | ||
| 041 | _aeng | ||
| 080 | _a327.1 T- 44 | ||
| 245 | _aTheories of International Relations. | ||
| 250 | _aFifth Edition. | ||
| 264 |
_aNew York: _c2013. |
||
| 300 |
_a388 p:. _b23 cm. |
||
| 653 | _aTheories of International Relations. | ||
| 653 | _aსაერთაშორისო ურთიერთობების თეორიები | ||
| 942 |
_cBK _2udc |
||